Personnalités au hasard #53 - Statistiques

Statistiques générales
  • Ce quiz a été pris 141 fois
  • Le résultat moyen est 6 sur 32
Statistiques - réponses
Par images Réponse % Correct
Ferland Mendy
55%
Brice Samba
50%
Ibrahima Konaté
50%
Kalash
43%
Sheryfa Luna
40%
Jake Paul
38%
Philippe de Villiers
37%
Camélia Jordana
33%
Louis Nicollin
32%
Sneazzy
25%
Niall Horan
21%
Franck Provost
18%
DaBaby
17%
Dave
17%
S.Pri Noir
15%
Mareva Galanter
12%
Catherine de Médicis
10%
Pierre Mauroy
10%
Sadi Carnot
10%
Woodkid
10%
Yeat
10%
Alan Turing
9%
Bruno Vandelli
6%
Golshifteh Farahani
5%
Albert Lebrun
4%
Herbert Hoover
3%
John Adams
3%
John Waters
3%
Lauren Jauregui
3%
Paul Denis Navero
3%
Emeli Sandé
2%
Grover Cleveland
2%
Aucun quiz correspondant
Distribution des résultats
% des personnes avec chaque résultat
Percentile par nombre de réponses
Votre historique - résultats
Vous n’avez pas pris ce quiz